Biblioteka Instytutu Północnego w Olsztynie

Widok standardowy Widok MARC

Pozycja Corporate Name

Liczba rekordów, w których użyto hasła: 1

001 - Numer kontrolny

  • control field: 39374

003 - Identyfikator numeru kontrolnego

  • control field: NUKAT

005 - Data i czas ostatniej modyfikacji

  • control field: 20260331234927.0

008 - Dane kontrolne kodowane (40 znaków)

  • fixed length control field: 100728n||azznnbabn |a ana |c

010 ## - Numer kontrolny Biblioteki Kongresu

  • numer kontrolny LC: p 2011027982

035 ## - Numer systemowy

  • numer systemowy: a25348978

035 ## - Numer systemowy

  • numer systemowy: (PL)a0000002534897

040 ## - Instytucja sporządzająca rekord

  • inst. przygot. dane do rek. khw: WA M/AG
  • język haseł przedmiotowych/tezaurus: DBN
  • inst. wprow. rek. khw: WA M/AG

043 ## - Kod obszaru geograficznego

  • ISO code: LT

110 2# - Hasło - nazwa ciała zbiorowego

  • nazwa ciała zbior. lub geogr. na pocz.: Państwowe Seminarium Nauczycielskie (Troki)

370 ## - Associated place

  • Country: Litwa

370 ## - Associated place

  • Residence/HQ: Troki (Litwa, okr. wileński, rej. trocki)

377 ## - Assoc lang

  • Lang code: lit

410 2# - Trop zob. - nazwa ciała zbiorowego

  • nazwa ciała zbior. lub geogr. na pocz.: Seminarium Nauczycielskie w Trokach

410 2# - Trop zob. - nazwa ciała zbiorowego

  • nazwa ciała zbior. lub geogr. na pocz.: Państwowe Seminarium Nauczycielskie w Trokach

410 2# - Trop zob. - nazwa ciała zbiorowego

  • nazwa ciała zbior. lub geogr. na pocz.: Trakų mokytojų seminarija

510 2# - Trop zob. też - nazwa ciała zbiorowego

  • podpole kontrolne: h
  • nazwa ciała zbior. lub geogr. na pocz.: Koło Fotograficzne (Państwowe Seminarium Nauczycielskie ; Troki)

510 2# - Trop zob. też - nazwa ciała zbiorowego

  • podpole kontrolne: h
  • nazwa ciała zbior. lub geogr. na pocz.: Stowarzyszenie b. Wychowanków Państwowego Seminarium Nauczycielskiego (Troki)

670 ## - Źródło informacji

  • źródło informacji: Ogniwo : kwartalnik Stowarzyszenia b. Wychowanków Państw[owego] Seminarjum Nauczyc[ielskiego] w Trokach. - Troki, 1934.

670 ## - Źródło informacji

  • źródło informacji: [Związek Harcerstwa Polskiego, Chorągiew Harcerek Wileńska, Hufiec Trocki, dziewczęta na nartach]. - [nie po 1939].

670 ## - Źródło informacji

  • źródło informacji: Wikipedia (Lit.)

670 ## - Źródło informacji

  • źródło informacji: Uniwersytet Stefana Batorego w Wilnie / Wacław Dziewulski.
  • adres internetowy: http://kpbc.umk.pl/dlibra/plain-content?id=46046

670 ## - Źródło informacji

  • źródło informacji: http://www.tygodnik.lt/200411/bliska1.html
Biblioteka Instytutu Północnego, ul. Partyzantów 87, 10-402 Olsztyn, email: biblioteka(at)ip.olsztyn.pl